Las armas secretas, alguien que anda por ahí

שמור ב:
מידע ביבליוגרפי
מחבר ראשי: Cortázar, Julio, 1914-1984 (Author)
פורמט: ספר
שפה:ספרדית
יצא לאור: Buenos Aires Aguilar, Altea, Taurus, Alfaguara 2004
מהדורה:1a. ed
נושאים:
תגים: הוספת תג
אין תגיות, היה/י הראשונ/ה לתייג את הרשומה!

MARC

LEADER 00000nam a2200000 a 4500
001 UCG4270
003 CL-VaPUC
008 101021e20040000AG |||||||||||||||||spa|d
020 |a 9505119828 
082 0 4 |a Ar863  |b COR  |2 21 
100 |a Cortázar, Julio,  |d 1914-1984  |e author  |9 347319 
245 1 4 |a Las armas secretas, alguien que anda por ahí 
250 |a 1a. ed 
300 |a 285 p 
942 |c BK 
945 |d 20101021 00:00:00  |a mfarfan 
260 |a Buenos Aires  |b Aguilar, Altea, Taurus, Alfaguara  |c 2004 
650 7 |a ESCRITORES ARGENTINOS  |2 CL-VaPUC  |9 553636 
650 0 |a Literatura argentina  |9 320596 
583 |a last modification  |c 20101021 00:00:00  |k Rodrigo Vera 
999 |c 343091  |d 343089 
952 |0 0  |1 0  |4 0  |6 AR_863_000000000000000_COR_2004  |7 0  |8 A  |9 440072  |a BIBEDU  |b BIBEDU  |d 2019-11-22  |i 4728122  |l 1  |o Ar863 COR 2004  |p 4728122  |r 2025-03-11  |s 2025-03-04  |w 2019-11-22  |y BK  |k LIT